Unmadiyude Pravachangal (Record no. 49189)

MARC details
000 -LEADER
fixed length control field 00418nam a2200133Ia 4500
008 - FIXED-LENGTH DATA ELEMENTS--GENERAL INFORMATION
fixed length control field 211109s9999||||xx |||||||||||||| ||und||
082 ## - DEWEY DECIMAL CLASSIFICATION NUMBER
Classification number 894.8123
Item number SAN-U
100 ## - MAIN ENTRY--PERSONAL NAME
Personal name V R Santhosh,
245 #0 - TITLE STATEMENT
Title Unmadiyude Pravachangal
260 ## - PUBLICATION, DISTRIBUTION, ETC.
Name of publisher, distributor, etc. Current Book Kottayam
Place of publication, distribution, etc. No 3641
Date of publication, distribution, etc. 1900
630 ## - SUBJECT ADDED ENTRY--UNIFORM TITLE
General subdivision General stack
650 ## - SUBJECT ADDED ENTRY--TOPICAL TERM
Topical term or geographic name entry element Malayalam literature
942 ## - ADDED ENTRY ELEMENTS (KOHA)
Koha item type BOOK
650 ## - SUBJECT ADDED ENTRY--TOPICAL TERM
Form subdivision Malayalam novel
General subdivision malayalam fictionLiterature & rhetoricGeneralia
Holdings
Withdrawn status Lost status Damaged status Not for loan Home library Current library Date acquired Total Checkouts Full call number Barcode Shelving location Date last seen Price effective from Koha item type
        SB LIBRARY SB LIBRARY 09/11/2021   894.8123 SAN-U 00091329 GENERAL STACK 09/11/2021 09/11/2021 BOOK

Powered by Koha